[Event "Tourn. n9900"]
[Site "www.echecsemail.com"]
[Date "2018.08.09"]
[Round "1"]
[White "Roque1"]
[Black "Madz123456"]
[WhiteElo "1680"]
[BlackElo "1660"]
[Result "0-1"]
[Round "1"]
1.e4 c5
2.Ng1f3 d6
3.Bf1b5 Bc8d7
4.Bb5xd7 Nb8xd7
5.O-O Ng8f6
6.Nb1c3 g6
7.d4 cxd4
8.Qd1xd4 Bf8g7
9.Bc1g5 O-O
10.Ra1d1 Qd8a5
11.Rd1d3 h6
12.Bg5h4 Rf8e8
13.Rf1d1 Ra8c8
14.Qd4e3 Nf6g4
15.Qe3d2 g5
16.Bh4g3 Nd7c5
17.Rd3d5 Qa5b6
18.Nf3xg5 Qb6xb2
19.Ng5f3 Qb2xc3
20.Qd2f4 Ng4f6
21.Rd5d2 Nc5xe4
22.Rd2e2 Qc3c6
23.Nf3d4 Qc6d5
24.f3 Ne4c3
{ resign }
0-1

[Event "Match"]
[Site "www.echecsemail.com"]
[Date "2018.08.09"]
[Round "1"]
[White "Gambitmiau"]
[Black "0m1d9421"]
[WhiteElo "1960"]
[BlackElo "1809"]
[Result "1-0"]
[Round "1"]
1.e4 e5
2.d4 exd4
3.c3 dxc3
4.Bf1c4 d6
5.Qd1f3 Ng8f6
6.h3 Nb8c6
7.a3 Bc8e6
8.Bc4d3 Bf8e7
9.Nb1xc3 a6
10.Ng1e2 Qd8d7
11.O-O { resign }
1-0

[Event "Match"]
[Site "www.echecsemail.com"]
[Date "2018.08.09"]
[Round "1"]
[White "Apdash"]
[Black "Ff333"]
[WhiteElo "1810"]
[BlackElo "2180"]
[Result "1-0"]
[Round "1"]
1.e4 e5
2.Ng1f3 Nb8c6
3.Bf1b5 Ng8e7
4.d4 exd4
5.Nf3xd4 Nc6xd4
6.Qd1xd4 a6
7.Bb5a4 b5
8.Ba4b3 Bc8b7
9.Nb1c3 Ne7c6
10.Qd4d5 Qd8f6
11.Bc1g5 Qf6g6
12.O-O f6
13.Ra1d1 d6
14.Qd5e6 Bf8e7
15.Bg5h4 Nc6e5
16.f4 Bb7c8
17.Qe6d5 c6
18.Qd5d4 Bc8h3
19.Bh4g3 Bh3g4
20.fxe5 Bg4xd1
21.Nc3xd1 fxe5
22.Qd4b6 d5
23.exd5 cxd5
24.Qb6b7 Ra8d8
25.Bb3xd5 Be7f6
26.Bd5c6 Kf8
27.Qb7c7 Qg6f7
28.Qc7xf7 Kxf7
29.Bg3xe5 Rd8xd1
30.Rf1xd1 Bf6xe5
31.c3 Ke7
32.Rd1d7 Kf6
33.Rd7a7 b4
34.Ra7xa6 bxc3
35.bxc3 Be5xc3
36.g3 Bc3d4
37.Kg2 Ke5
38.a4 Rh8f8
39.Ra6a5 Ke6
40.Bc6f3 Rf8b8
41.Ra5d5 Rb8b2
42.Kh3 Bd4g1
43.Bf3g2 Rb2a2
44.Rd5a5 h6
45.Bg2d5 { resign }
1-0

[Event "Match"]
[Site "www.echecsemail.com"]
[Date "2018.08.09"]
[Round "1"]
[White "Libiesse"]
[Black "0m1d9421"]
[WhiteElo "1950"]
[BlackElo "1809"]
[Result "1-0"]
[Round "1"]
1.d4 Ng8f6
2.c4 g6
3.Ng1f3 Bf8g7
4.Nb1c3 d6
5.e4 c6
6.Bc1g5 h6
7.Bg5xf6 Bg7xf6
8.Bf1e2 { resign }
1-0

[Event "Match"]
[Site "www.echecsemail.com"]
[Date "2018.08.09"]
[Round "1"]
[White "0m1d9421"]
[Black "Caspito"]
[WhiteElo "1809"]
[BlackElo "1910"]
[Result "0-1"]
[Round "1"]
1.e4 e5
2.Ng1f3 Ng8f6
3.Nb1c3 Nb8c6
4.Bf1c4 Bf8c5
5.O-O O-O
6.d3 d6
7.Rf1e1 a6
8.Qd1e2 Bc8g4
9.Bc1e3 b5
10.Bc4d5 Qd8e8
11.h3 Bg4h5
12.g4 Bh5g6
13.Kh2 Ra8b8
{ resign }
0-1

[Event "Match"]
[Site "www.echecsemail.com"]
[Date "2018.08.09"]
[Round "1"]
[White "Bjonil60"]
[Black "Usmehs"]
[WhiteElo "1510"]
[BlackElo "1799"]
[Result "0-1"]
[Round "1"]
1.d4 c5
2.c3 Qd8a5
3.Bc1d2 cxd4
4.cxd4 Qa5b6
5.b3 Qb6xd4
6.Bd2c3 Qd4xd1
7.Kxd1 Ng8h6
8.f3 Nh6f5
9.g4 Nf5e3
10.Ke1 Ne3c2
11.Kd1 Nc2xa1
12.Bc3xa1 e6
13.Bf1g2 Nb8c6
14.Nb1d2 f6
15.e3 Bf8c5
16.Ke2 Nc6b4
17.a3 Nb4c2
18.Ba1b2 Nc2xe3
19.Nd2e4 Bc5b6
20.Ng1h3 Ne3xg2
21.Ne4f2 Bb6xf2
22.Kxf2 Ng2h4
23.Kg3 g5
24.f4 Rh8g8
25.fxg5 fxg5
26.Rh1f1 d6
27.b4 e5
28.Rf1f6 Ke7
29.a4 Kxf6
30.b5 Ke6
31.a5 Rg8f8
32.Nh3xg5 Kd5
33.Kxh4 Bc8xg4
34.Kxg4 Rf8g8
35.Kh5 Ra8f8
36.Ng5xh7 Rf8f2
37.Bb2c1 Rf2xh2

0-1

[Event "Match"]
[Site "www.echecsemail.com"]
[Date "2018.08.09"]
[Round "1"]
[White "Aiko1603"]
[Black "0m1d9421"]
[WhiteElo "2110"]
[BlackElo "1809"]
[Result "1-0"]
[Round "1"]
1.c4 e5
2.Nb1c3 Ng8f6
3.g3 d6
4.Bf1g2 Bf8e7
5.d3 c5
6.Ng1f3 Nb8c6
7.O-O a6
8.Nf3h4 Bc8e6
9.Bg2xc6 bxc6
10.f4 Qd8c7
11.fxe5 { resign }
1-0

[Event "Match"]
[Site "www.echecsemail.com"]
[Date "2018.08.09"]
[Round "1"]
[White "Deneb"]
[Black "0m1d9421"]
[WhiteElo "1600"]
[BlackElo "1809"]
[Result "1-0"]
[Round "1"]
1.e4 e5
2.Ng1f3 Nb8c6
3.Bf1b5 a6
4.Bb5a4 Ng8f6
5.O-O Nf6xe4
6.d4 b5
7.Ba4b3 d6
8.Bb3d5 Ne4xf2
9.Bd5xc6 { resign }
1-0

[Event "Tourn. n9912"]
[Site "www.echecsemail.com"]
[Date "2018.08.09"]
[Round "1"]
[White "0m1d9421"]
[Black "J1j6"]
[WhiteElo "1809"]
[BlackElo "1890"]
[Result "0-1"]
[Round "1"]
1.e4 c5
2.Ng1f3 e6
3.Bf1c4 d6
4.d3 Ng8f6
5.Nb1c3 a6
6.Bc1e3 b5
7.Bc4d5 exd5
8.Qd1e2 d4
9.e5 dxe5
10.Nf3xe5 dxc3
11.Be3f4 Bf8e7
12.bxc3 Nf6d5
13.Qe2e4 Bc8b7
14.Ne5xf7 Kxf7
15.O-O-O Ra8a7
16.Rd1e1 Nd5xc3
17.Qe4e6 Kf8
18.Re1e3 Bb7d5
19.Qe6f5 Be7f6
20.Rh1e1 Nc3xa2
21.Kd1 Na2c3
22.Kd2 Bd5f7
23.Qf5xc5 Ra7e7
24.Bf4d6 Nc3a4
25.Qc5a7 Qd8xd6
{ resign }
0-1

[Event "Tourn. n9912"]
[Site "www.echecsemail.com"]
[Date "2018.08.09"]
[Round "1"]
[White "Falcoale"]
[Black "0m1d9421"]
[WhiteElo "1930"]
[BlackElo "1809"]
[Result "1-0"]
[Round "1"]
1.e4 e5
2.Ng1f3 Nb8c6
3.Bf1c4 d6
4.O-O Ng8f6
5.Nf3g5 d5
6.exd5 Nf6xd5
7.d3 h6
8.Ng5e4 Bf8d6
9.Bc4xd5 { resign }
1-0

[Event "Fast Game"]
[Site "www.echecsemail.com"]
[Date "2018.08.09"]
[Round "1"]
[White "0m1d9421"]
[Black "Deneb"]
[WhiteElo "1599"]
[BlackElo "1599"]
[Result "0-1"]
[Round "1"]
1.e4 e5
2.Bf1c4 Ng8f6
3.d3 Nb8c6
4.Ng1f3 Bf8c5
5.Nb1c3 d6
6.Bc1g5 h6
7.Bg5d2 Bc8g4
{ resign }
0-1

[Event "Fast Game"]
[Site "www.echecsemail.com"]
[Date "2018.08.09"]
[Round "1"]
[White "0m1d9421"]
[Black "J1j6"]
[WhiteElo "1599"]
[BlackElo "1459"]
[Result "0-1"]
[Round "1"]
1.e4 Ng8f6
2.Nb1c3 e5
3.Bf1c4 c6
4.d3 Bf8c5
5.h3 d5
6.exd5 cxd5
7.Bc4b3 O-O
8.Bc1g5 Qd8b6
9.Qd1e2 Nb8d7
10.O-O-O Bc5xf2
11.h4 Bf2g3
12.Rd1f1 Rf8e8
13.h5 Nd7c5
14.h6 Bc8g4
15.Qe2d2 Nc5xb3
16.cxb3 Ra8c8
{ resign }
0-1

[Event "Fast Game"]
[Site "www.echecsemail.com"]
[Date "2018.08.09"]
[Round "1"]
[White "Alessiov"]
[Black "0m1d9421"]
[WhiteElo "1599"]
[BlackElo "1599"]
[Result "1-0"]
[Round "1"]
1.e4 e5
2.Ng1f3 Nb8c6
3.Bf1c4 Bf8c5
4.O-O d6
5.c3 a6
6.d4 exd4
7.cxd4 Bc5a7
8.h3 Qd8f6
9.Nb1c3 Nc6xd4
10.Nf3xd4 Qf6g6
11.Nd4f5 { time. }
1-0

[Event "Match"]
[Site "www.echecsemail.com"]
[Date "2018.08.10"]
[Round "1"]
[White "Apdash"]
[Black "Gambitmiau"]
[WhiteElo "1840"]
[BlackElo "1960"]
[Result "1-0"]
[Round "1"]
1.d4 d5
2.Ng1f3 Bc8g4
3.e3 e6
4.Bf1e2 Nb8c6
5.h3 Bg4f5
6.a3 Bf8e7
7.Bc1d2 Be7g5
8.Nb1c3 Ng8f6
9.Nf3xg5 h6
10.Ng5f3 Nf6e4
11.Nc3xe4 Bf5xe4
12.Be2d3 Be4xd3
13.cxd3 Qd8e7
14.b4 O-O
15.Nf3e5 Nc6xe5
16.dxe5 f6
17.exf6 Qe7xf6
18.O-O Rf8f7
19.e4 dxe4
20.dxe4 Qf6e5
21.Qd1c2 Ra8f8
22.Bd2c3 Qe5d6
23.Ra1d1 Qd6f4
24.Bc3d4 b6
25.Qc2c6 Qf4d6
26.Qc6a4 Qd6f4
27.f3 Qf4g3
28.Bd4f2 Qg3f4
29.Qa4b3 e5
30.Rd1d7 Kh7
31.Rd7xf7 Rf8xf7
32.Qb3e3 Qf4f6
33.Bf2g3 Qf6e6
34.f4 exf4
35.Rf1xf4 Rf7d7
36.e5 Qe6a2
37.Rf4f8 Rd7d1
38.Kh2 Qa2b1
39.Bg3f2 Rd1h1
40.Kg3 Qb1g6
41.Kf3 Rh1d1
42.Qe3e4 Rd1d3
43.Kf4 Qg6xe4
44.Kxe4 Rd3xa3
45.Rf8f7 Ra3c3
46.e6 Rc3c2
47.e7 Kg6
48.e8Q Rc2e2
49.Bf2e3 { resign }
1-0

[Event "Tourn. n9853"]
[Site "www.echecsemail.com"]
[Date "2018.08.10"]
[Round "1"]
[White "Tartan"]
[Black "Cathar"]
[WhiteElo "2510"]
[BlackElo "2259"]
[Result "1-0"]
[Round "1"]
1.e4 e6
2.d4 d5
3.Nb1c3 Bf8b4
4.e5 c5
5.a3 Bb4xc3
6.bxc3 Ng8e7
7.Qd1g4 O-O
8.Bf1d3 Nb8c6
9.Qg4h5 Ne7g6
10.Ng1f3 Qd8c7
11.Bc1e3 c4
12.Bd3xg6 fxg6
13.Qh5g4 Qc7f7
14.O-O Bc8d7
15.a4 b6
16.Be3c1 Qf7f5
17.Qg4xf5 Rf8xf5
18.Bc1a3 g5
19.Ba3d6 Bd7e8
20.Nf3d2 Be8g6
21.Rf1c1 Rf5f7
22.Nd2f1 Rf7b7
23.Nf1e3 a6
24.Rc1b1 Kf7
25.Rb1b2 Ra8d8
26.Ra1b1 { resign }
1-0

[Event "Match"]
[Site "www.echecsemail.com"]
[Date "2018.08.10"]
[Round "1"]
[White "Apdash"]
[Black "Pinehill"]
[WhiteElo "2070"]
[BlackElo "2060"]
[Result "0-1"]
[Round "1"]
1.e4 d5
2.exd5 Ng8f6
3.c4 e6
4.dxe6 Bc8xe6
5.d4 Bf8b4
6.Bc1d2 Qd8e7
7.Bd2xb4 Qe7xb4
8.Qd1d2 Qb4e7
9.Qd2e3 c6
10.Nb1c3 Nb8d7
11.Bf1e2 O-O
12.Ng1f3 Rf8e8
13.O-O Qe7d8
14.Nf3e5 Nd7xe5
15.dxe5 Nf6d7
16.Ra1d1 Qd8c7
17.Rd1d6 Nd7xe5
18.Qe3xe5 Be6xc4
19.Qe5d4 Bc4xe2
20.Rd6d7 Qc7e5
21.Nc3xe2 Qe5xe2
22.Rd7xb7 Ra8d8
23.Qd4f4 Qe2xf1
{ resign }
0-1

[Event "Match"]
[Site "www.echecsemail.com"]
[Date "2018.08.10"]
[Round "1"]
[White "Alessiov"]
[Black "Karlgrocer"]
[WhiteElo "1569"]
[BlackElo "1990"]
[Result "1-0"]
[Round "1"]
1.e4 c5
2.Ng1f3 d6
3.Bf1c4 e6
4.d4 cxd4
5.Nf3xd4 Ng8f6
6.Nb1c3 Bf8e7
7.O-O O-O
8.Bc1e3 a6
9.a4 Nb8c6
10.Bc4b3 Bc8d7
11.h3 Nc6xd4
12.Qd1xd4 Bd7c6
13.f4 Qd8c7
14.f5 e5
15.Qd4d3 Ra8d8
16.a5 Rd8c8
17.Rf1d1 h6
18.Be3b6 Qc7b8
19.Qd3e2 Be7d8
20.g4 Bd8xb6
21.axb6 Nf6d7
22.g5 hxg5
23.Kh2 Nd7xb6
24.Qe2e3 Nb6d7
25.Rd1g1 Nd7f6
26.Qe3xg5 { resign }
1-0

[Event "Tourn. n9858"]
[Site "www.echecsemail.com"]
[Date "2018.08.10"]
[Round "1"]
[White "Jazzy"]
[Black "Danquigley"]
[WhiteElo "2270"]
[BlackElo "2610"]
[Result "0-1"]
[Round "1"]
1.Ng1f3 Ng8f6
2.b3 g6
3.Bc1b2 d5
4.e3 Bf8g7
5.Bf1e2 c5
6.O-O O-O
7.c4 d4
8.exd4 Nf6e8
9.Qd1c2 cxd4
10.d3 Nb8c6
11.a3 a5
12.Nb1d2 Ne8c7
13.Rf1e1 Nc7a6
14.Nd2f1 e5
15.Ra1b1 f5
16.Nf1g3 Qd8d6
17.Qc2d2 Bc8d7
18.Be2f1 Ra8b8
19.Qd2c1 Rf8c8
20.Qc1d2 b5
21.Bb2c1 bxc4
22.dxc4 e4
23.Nf3g5 Na6c5
24.b4 Qd6e7
25.b5 Nc6e5
26.Qd2xa5 Nc5d3
27.Ng5h3 Rb8a8
{ resign }
0-1

[Event "Match"]
[Site "www.echecsemail.com"]
[Date "2018.08.10"]
[Round "1"]
[White "Joskomol"]
[Black "Silikon"]
[WhiteElo "1809"]
[BlackElo "1760"]
[Result "1-0"]
[Round "1"]
1.e4 e5
2.Ng1f3 Nb8c6
3.Bf1b5 Ng8f6
4.d4 Nf6xe4
5.Qd1e2 d5
6.Nf3xe5 Bc8d7
7.Ne5xd7 Qd8xd7
8.f3 a6
9.Bb5xc6 Qd7xc6
10.a3 Qc6f6
11.Nb1c3 Qf6xd4
12.fxe4 dxe4
13.Bc1f4 Bf8c5
14.Ra1d1 Qd4f6
15.Nc3d5 Qf6xb2
16.Nd5xc7 Ke7
17.Qe2xe4 Kf6
18.Nc7d5 { resign }
1-0

[Event "Match"]
[Site "www.echecsemail.com"]
[Date "2018.08.10"]
[Round "1"]
[White "Apdash"]
[Black "Chapi"]
[WhiteElo "2090"]
[BlackElo "2090"]
[Result "1/2-1/2"]
[Round "1"]
1.e4 c5
2.Ng1f3 Nb8c6
3.Bf1c4 g6
4.d4 cxd4
5.Nf3xd4 Bf8g7
6.c3 Ng8f6
7.Qd1c2 Nf6g4
8.Nd4xc6 bxc6
9.f3 Ng4e5
10.Bc4e2 O-O
11.Bc1e3 d6
12.Nb1d2 c5
13.Ra1d1 Ra8b8
14.Nd2c4 Bc8e6
15.Nc4xe5 Bg7xe5
16.b3 Qd8a5
17.Be3d2 Qa5b6
18.f4 Be5g7
19.Bd2e3 a5
20.O-O Be6c8
21.f5 Bc8a6
22.Be2xa6 Qb6xa6
23.fxg6 fxg6
24.Qc2d3 Qa6xd3
25.Rd1xd3 Rf8xf1
26.Kxf1 a4
27.c4 axb3
28.axb3 Bg7d4
29.Ke2 Kf7
30.Be3d2 Ke6
31.b4 cxb4
32.Rd3xd4 b3
33.Bd2c3 b2
34.Bc3xb2 Rb8xb2
35.Kf3 Ke5
36.Rd4d5 Ke6
37.c5 dxc5
38.Rd5xc5 h6
39.Rc5c6 Kf7
40.h4 e6
41.e5 Rb2b3
42.Kf4 Rb3b4
43.Kg3 Rb4e4
44.Rc6c7 Kg8
45.Rc7c6 Re4xe5
46.Rc6c7 Re5f5
47.Rc7e7 e5
48.Kg4 Kf8
49.Re7a7 e4
50.Kg3 g5
51.hxg5 hxg5
52.Ra7b7 Rf5e5
53.Kf2 e3
{ draw }
1/2-1/2

[Event "Tourn. n9882"]
[Site "www.echecsemail.com"]
[Date "2018.08.10"]
[Round "1"]
[White "Roque1"]
[Black "Iko"]
[WhiteElo "1760"]
[BlackElo "1710"]
[Result "1-0"]
[Round "1"]
1.e4 e5
2.Ng1f3 Ng8f6
3.Nb1c3 Bf8d6
4.Bf1c4 Nb8c6
5.O-O Nc6d4
6.d3 O-O
7.Bc1g5 h6
8.Bg5xf6 Qd8xf6
9.Nf3xd4 exd4
10.Nc3d5 Qf6h4
11.f4 g5
12.g3 Qh4h3
13.Rf1f3 gxf4
14.gxf4 Qh3g4
15.Rf3g3 Qg4xg3
16.hxg3 c6
17.Nd5f6 Kg7
18.Nf6h5 Kg6
19.Qd1g4 Kh7
20.Qg4g7 
1-0

[Event "Tourn. n9921"]
[Site "www.echecsemail.com"]
[Date "2018.08.10"]
[Round "1"]
[White "Apdash"]
[Black "Fantomas"]
[WhiteElo "2110"]
[BlackElo "2130"]
[Result "1/2-1/2"]
[Round "1"]
1.e4 c5
2.Ng1f3 d6
3.d4 cxd4
4.Nf3xd4 Nb8c6
5.Bf1b5 Bc8d7
6.Nb1c3 g6
7.Bc1g5 Bf8g7
8.Nd4xc6 bxc6
9.Bb5c4 Qd8a5
10.Bg5d2 Qa5b4
11.Nc3d5 Qb4b7
12.Bd2c3 Bg7xc3
13.Nd5xc3 Ng8f6
14.Bc4b3 O-O
15.O-O Qb7b4
16.Rf1e1 c5
17.a3 Qb4a5
18.Nc3d5 Nf6xd5
19.Bb3xd5 Ra8b8
20.b3 Qa5b6
21.Re1e3 Bd7c6
{ draw }
1/2-1/2

[Event "Tourn. n9905"]
[Site "www.echecsemail.com"]
[Date "2018.08.11"]
[Round "1"]
[White "Gidgud"]
[Black "Gvladutz"]
[WhiteElo "2360"]
[BlackElo "2470"]
[Result "1-0"]
[Round "1"]
1.e4 e5
2.Ng1f3 Nb8c6
3.Bf1c4 Bf8c5
4.c3 Ng8f6
5.d3 O-O
6.h3 d5
7.exd5 Nf6xd5
8.O-O Nd5b6
9.Bc4b3 Bc8f5
10.Bb3c2  { time }
1-0

[Event "Tourn. n9901"]
[Site "www.echecsemail.com"]
[Date "2018.08.11"]
[Round "1"]
[White "Deneb"]
[Black "Jjmcbride"]
[WhiteElo "1600"]
[BlackElo "1660"]
[Result "1-0"]
[Round "1"]
1.e4 e5
2.Ng1f3 Ng8f6
3.Nf3xe5 d6
4.Ne5f3 Nf6xe4
5.d4 Bf8e7
6.Bf1d3 Bc8f5
{ time. }
1-0

[Event "Match"]
[Site "www.echecsemail.com"]
[Date "2018.08.11"]
[Round "1"]
[White "J1j6"]
[Black "Geodad5"]
[WhiteElo "1930"]
[BlackElo "2180"]
[Result "1/2-1/2"]
[Round "1"]
1.Ng1f3 d5
2.g3 Ng8f6
3.Bf1g2 Nb8c6
4.d4 e6
5.O-O Bf8e7
6.c3 O-O
7.Bc1f4 h6
8.Rf1e1 Be7d6
9.Bf4xd6 Qd8xd6
10.Nb1d2 Nc6e7
11.Nf3e5 c5
12.e4 cxd4
13.cxd4 dxe4
14.Nd2xe4 Nf6xe4
15.Bg2xe4 f6
16.Ne5c4 Qd6d7
17.b3 Ra8b8
18.Qd1d3 b5
19.Nc4e3 Bc8b7
20.Ne3c2 Ne7d5
21.Be4g6 Nd5e7
22.Bg6e4 Ne7d5
23.Be4xd5 Bb7xd5
24.Nc2e3 a6
25.Ne3xd5 Qd7xd5
26.f4 Rb8c8
27.Ra1c1 Rf8d8
28.Rc1xc8 Rd8xc8
29.Kf2 b4
30.Qd3xa6 Qd5xd4
31.Kf1 Rc8e8
32.Re1xe6 Re8d8
33.Qa6c4 Qd4xc4
34.bxc4 Rd8a8
35.Re6b6 Ra8xa2
36.Rb6xb4 Ra2xh2
37.c5 Rh2c2
38.Rb4b5 Kf7
39.Ke1 g5
40.fxg5 { draw }
1/2-1/2

[Event "Tourn. n9875"]
[Site "www.echecsemail.com"]
[Date "2018.08.11"]
[Round "1"]
[White "Malbertan"]
[Black "Gandalf50"]
[WhiteElo "2020"]
[BlackElo "1980"]
[Result "0-1"]
[Round "1"]
1.e4 Ng8f6
2.e5 Nf6d5
3.d4 d6
4.Ng1f3 Bc8g4
5.c4 Nd5b6
6.Bf1e2 dxe5
7.Nf3xe5 Bg4xe2
8.Qd1xe2 Qd8xd4
9.Nb1c3 c6
10.O-O e6
11.Rf1d1 Qd4h4
12.Ne5f3 Qh4h5
13.Bc1g5 Bf8e7
14.Bg5xe7 Kxe7
15.Rd1d2 Nb8d7
16.Ra1d1 Rh8d8
17.Qe2d3 Nd7f6
18.Qd3e2 Rd8xd2
19.Rd1xd2 Ra8d8
20.Rd2xd8 Kxd8
21.Qe2d2 Ke7
22.b3 Qh5c5
23.Kf1 Qc5d6
24.Ke2 Qd6xd2
25.Kxd2 Nb6d7
26.Ke3 h6
27.h3 e5
28.a3 Ke6
29.b4 Nf6e8
30.b5 f5
31.g3 Ne8d6
32.bxc6 bxc6
33.Nf3d2 g5
34.Nc3a4 f4
35.gxf4 exf4
36.Kf3 Nd7e5
37.Ke2 Ne5xc4
38.Nd2xc4 Nd6xc4
39.Na4c5 Kd5
{ resign }
0-1

[Event "Match"]
[Site "www.echecsemail.com"]
[Date "2018.08.11"]
[Round "1"]
[White "Claymil"]
[Black "Guillaumefi"]
[WhiteElo "1970"]
[BlackElo "1710"]
[Result "1-0"]
[Round "1"]
1.c4 c5
2.Nb1c3 g6
3.g3 d6
4.Bf1g2 Bf8g7
5.e3 Ng8f6
6.Ng1e2 O-O
7.O-O Nb8d7
8.d4 Ra8b8
9.a3 b6
10.d5 Nd7e5
11.b3 Bc8g4
12.f3 Bg4c8
13.Bc1b2 e6
14.e4 exd5
15.cxd5 Bc8a6
16.b4 cxb4
17.axb4 Ne5c4
18.Ra1xa6 Nc4e3
19.Qd1d3 Ne3xf1
20.Kxf1 Qd8e7
21.Nc3b5 Rb8b7
22.Nb5d4 Nf6d7
23.Nd4c6 Qe7e8
24.Bb2xg7 Kxg7
25.Nc6xa7 Nd7e5
26.Qd3c3 Qe8a8
27.Qc3a1 Kg8
28.Na7c6 Qa8e8
29.Ne2d4 f6
30.Ra6a7 Rb7xa7
31.Qa1xa7 f5
32.exf5 Qe8a8
33.Qa7xb6 Qa8a1
34.Ke2 Ne5xc6
35.dxc6 Qa1b2
36.Kf1 Rf8e8
37.Nd4e6 Qb2c1
38.Kf2 Qc1c2
39.Kg1 Qc2xf5
40.Ne6f4 d5
41.c7  { time }
1-0

[Event "Tourn. n9921"]
[Site "www.echecsemail.com"]
[Date "2018.08.11"]
[Round "1"]
[White "Bojan"]
[Black "Apdash"]
[WhiteElo "2070"]
[BlackElo "2110"]
[Result "0-1"]
[Round "1"]
1.e4 e5
2.Ng1f3 Nb8c6
3.d4 exd4
4.Nf3xd4 Bf8c5
5.Nd4xc6 bxc6
6.e5 d5
7.Bf1d3 Ng8e7
8.Bc1f4 Bc8e6
9.Nb1d2 Ne7g6
10.Bf4g3 Bc5d4
11.Bd3xg6 fxg6
12.c3 Bd4b6
13.Nd2f3 O-O
14.Bg3h4 Qd8d7
15.Qd1d3 Rf8f4
16.Bh4g3 Rf4e4
17.Kd2 Be6f5
18.Nf3d4 Re4xd4
19.Qd3xd4 Bb6xd4
20.cxd4 g5
21.b4 a5
22.Rh1b1 Bf5xb1
{ resign }
0-1

[Event "Tourn. n9861"]
[Site "www.echecsemail.com"]
[Date "2018.08.11"]
[Round "1"]
[White "Julian"]
[Black "Alekpax"]
[WhiteElo "1820"]
[BlackElo "1859"]
[Result "0-1"]
[Round "1"]
1.e4 e5
2.Ng1f3 Nb8c6
3.Bf1b5 Ng8f6
4.d3 d6
5.Bc1g5 Bf8e7
6.O-O O-O
7.c3 Nf6h5
8.Bg5xe7 Qd8xe7
9.Nb1d2 Nh5f4
10.g3 a6
11.Bb5xc6 Nf4h3
12.Kg2 bxc6
13.Nd2c4 f5
14.exf5 Bc8xf5
15.Nc4e3 Bf5d7
16.Rf1e1 Rf8f6
17.Ra1c1 Qe7f7
18.Rc1c2 Ra8f8
19.Re1f1 Rf6xf3
20.d4 Nh3xf2
21.Qd1e2 Bd7h3
22.Kg1 Bh3xf1
23.Qe2xf1 Nf2g4
24.Qf1h3 Ng4xe3
25.Rc2c1 Rf3f1
26.Rc1xf1 Qf7xf1
{ resign }
0-1

[Event "Tourn. n9907"]
[Site "www.echecsemail.com"]
[Date "2018.08.11"]
[Round "1"]
[White "Malbertan"]
[Black "Kuriero"]
[WhiteElo "2050"]
[BlackElo "1909"]
[Result "0-1"]
[Round "1"]
1.e4 e5
2.Ng1f3 Nb8c6
3.Bf1c4 Bf8c5
4.b4 Bc5xb4
5.c3 Bb4a5
6.O-O d6
7.d4 Ba5b6
8.Nf3g5 Ng8h6
9.Qd1h5 O-O
10.Nb1d2 exd4
11.Nd2f3 Nc6e5
12.Nf3xe5 dxe5
13.Bc1a3 c5
14.Ra1d1 Bc8g4
15.Bc4xf7 Rf8xf7
{ resign }
0-1

[Event "Match"]
[Site "www.echecsemail.com"]
[Date "2018.08.11"]
[Round "1"]
[White "Babedad"]
[Black "Apdash"]
[WhiteElo "2150"]
[BlackElo "1810"]
[Result "1-0"]
[Round "1"]
1.b3 e5
2.Bc1b2 Nb8c6
3.e3 d5
4.Bf1b5 Bf8d6
5.Ng1e2 Bc8d7
6.O-O Ng8f6
7.Nb1a3 Qd8e7
8.Qd1c1 a6
9.Bb5xc6 Bd7xc6
10.c4 dxc4
11.Na3xc4 Nf6g4
12.Nc4xd6 cxd6
13.d4 O-O
14.f3 Ng4h6
15.dxe5 dxe5
16.Bb2a3 Qe7g5
17.Ba3xf8 Ra8xf8
18.e4 Qg5d8
19.Rf1d1 Qd8b6
20.Kh1 f5
21.Qc1c4 Kh8
22.Ne2c3 fxe4
23.Nc3xe4 Nh6f5
24.Qc4c5 Qb6xc5
25.Ne4xc5 Nf5d4
26.Rd1d2 h6
27.Ra1d1 Rf8c8
28.Nc5d3 e4
29.Nd3e5 Nd4f5
30.Rd2d8 Rc8xd8
31.Rd1xd8 Kh7
32.Ne5xc6 bxc6
33.fxe4 Nf5d4
34.Rd8xd4 { resign }
1-0

[Event "Tourn. n9921"]
[Site "www.echecsemail.com"]
[Date "2018.08.11"]
[Round "1"]
[White "Bojan"]
[Black "Fantomas"]
[WhiteElo "2070"]
[BlackElo "2130"]
[Result "0-1"]
[Round "1"]
1.e4 e5
2.Bf1c4 Ng8f6
3.Qd1f3 d6
4.h3 Nb8d7
5.Nb1c3 Nd7c5
6.Ng1e2 Nc5e6
7.g3 Ne6g5
8.Qf3g2 c6
9.h4 Ng5e6
10.a3 Bf8e7
11.d3 Bc8d7
12.f4 Ne6d4
13.Ne2xd4 exd4
14.Nc3e2 c5
15.Bc1d2 Nf6g4
16.Qg2f3 h5
17.b4 b5
18.Bc4b3 Bd7c6
19.c3 Ra8c8
20.cxd4 Be7f6
21.Bd2c3 cxd4
22.Ne2xd4 Bc6a8
23.Bc3b2 Qd8b6
24.Kd2 Bf6xd4
25.Ra1b1 Bd4xb2
26.Rb1xb2 Qb6d4
27.Rh1b1 f5
28.Bb3d5 Ba8xd5
29.exd5 Kd7
30.Kd1 Rh8e8
31.Rb2c2 Ng4e3
{ resign }
0-1

[Event "1/128 Finale"]
[Site "www.chess-mail.com"]
[Date "2018.08.11"]
[Round "1"]
[White "Osopanda"]
[Black "Kuriero"]
[WhiteElo "1850"]
[BlackElo "1299"]
[Result "0-1"]
[Round "1"]
1.e4 e5
2.Ng1f3 d6
3.d4 Ng8f6
4.Bc1g5 exd4
5.Nf3xd4 Bf8e7
6.Bf1c4 O-O
7.O-O h6
8.Bg5h4 Nb8c6
9.Nb1c3 Nc6e5
10.Bc4b3 c6
11.f4 Ne5g6
12.Bh4g3 Nf6d7
13.Qd1h5 Nd7f6
14.Qh5xg6 d5
15.e5 fxg6
16.exf6 Be7xf6
17.Nd4f3 Kh7
18.Ra1d1 Bc8f5
19.Nf3e5 Bf6xe5
20.fxe5 Bf5g4
21.Rf1xf8 Qd8xf8
22.Rd1f1 Qf8e7
23.Rf1f4 Ra8f8
24.Rf4xg4 Qe7c5
{ resign }
0-1

[Event "1/16 Finale"]
[Site "www.chess-mail.com"]
[Date "2018.08.11"]
[Round "1"]
[White "Gvladutz"]
[Black "Asoka"]
[WhiteElo "2470"]
[BlackElo "2690"]
[Result "0-1"]
[Round "1"]
1.d4 d5
2.c4 c6
3.Nb1c3 dxc4
4.e4 b5
5.a4 e5
6.dxe5 Qd8xd1
7.Nc3xd1 Bc8b7
8.Ng1f3 a6
9.Bf1e2 Nb8d7
10.O-O Nd7c5
 { time }
0-1

[Event "Tourn. n9863"]
[Site "www.echecsemail.com"]
[Date "2018.08.12"]
[Round "1"]
[White "Cybervincy"]
[Black "Passaroa25"]
[WhiteElo "1499"]
[BlackElo "1680"]
[Result "1-0"]
[Round "1"]
1.e4 Nb8c6
2.Ng1f3 Ng8f6
3.Nb1c3 a6
4.d4 h6
5.e5 Nf6h5
6.d5 Nc6a5
7.b4 Na5c4
8.Bf1xc4 e6
9.g4 Bf8xb4
10.gxh5 Bb4xc3
11.Bc1d2 Bc3xd2
12.Qd1xd2 b5
13.Bc4b3 c6
14.dxc6 O-O
15.Ra1d1 d5
16.exd6 Qd8b6
17.Qd2d4 Qb6xc6
18.Rh1g1 f6
19.Qd4g4 Qc6d7
20.Nf3h4 f5
21.Nh4xf5 Rf8xf5
22.Qg4xf5 Qd7f7
23.Qf5xf7 Kxf7
24.d7 Bc8b7
25.d8Q Ra8xd8
26.Rd1xd8 Bb7c6
27.Rd8d6 Bc6d5
28.Bb3xd5 exd5
29.Rg1g6 a5
30.Rd6d7 Kg8
31.Rg6xg7 { resign }
1-0

[Event "Tourn. n9855"]
[Site "www.echecsemail.com"]
[Date "2018.08.12"]
[Round "1"]
[White "Hundegana"]
[Black "Andychesston"]
[WhiteElo "2070"]
[BlackElo "2020"]
[Result "1-0"]
[Round "1"]
1.e4 e5
2.Ng1f3 Nb8c6
3.Bf1b5 d6
4.O-O Bc8g4
5.h3 Bg4h5
6.g4 Bh5g6
7.d3 h6
8.Nb1c3 a6
9.Bb5c4 b5
10.Bc4d5 Qd8d7
11.Kh2 Ra8d8
12.a3 Nc6e7
13.Bd5a2 c6
14.Nc3e2 f5
15.exf5 Ne7xf5
16.gxf5 Bg6xf5
17.Rf1g1 Bf5xh3
18.Rg1g3 Bh3g4
19.Nf3h4 Ng8e7
20.f3 Bg4f5
21.Nh4xf5 Qd7xf5
22.Qd1f1 Ne7g6
23.Qf1h3 Qf5xh3
24.Kxh3 Ng6e7
25.Bc1d2 Kd7
26.Ra1g1 g5
27.Ne2c3 Ne7f5
28.Rg3g2 Nf5d4
29.Bd2e3 Nd4f5
30.Be3f2 Bf8e7
31.Nc3e4 Rd8f8
32.c4 Nf5h4
33.Bf2xh4 Rf8xf3
34.Bh4g3 Rf3xd3
35.cxb5 axb5
36.Rg1f1 d5
37.Ne4f2 Rd3e3
38.Nf2g4 Re3e4
39.Ng4xe5 Ke6
40.Ne5xc6 g4
41.Kh2 Be7g5
42.Rf1e1 Bg5e3
43.Nc6b4 Rh8d8
44.Rg2e2 Be3g1
45.Kxg1 Re4xe2
46.Re1xe2 Kf5
47.Nb4xd5 h5
48.Ba2b1 Kg5
49.Bg3f4 Kh4
50.Re2h2 
1-0

[Event "Tourn. n9907"]
[Site "www.echecsemail.com"]
[Date "2018.08.12"]
[Round "1"]
[White "Apdash"]
[Black "Gilliere"]
[WhiteElo "2000"]
[BlackElo "1960"]
[Result "0-1"]
[Round "1"]
1.d4 Ng8f6
2.c4 e6
3.a3 Bf8e7
4.Nb1c3 O-O
5.e4 d5
6.exd5 exd5
7.Ng1f3 Bc8g4
8.cxd5 Nf6xd5
9.Bf1e2 Nb8c6
10.Nc3xd5 Qd8xd5
11.Bc1e3 Qd5a5
12.Be3d2 Qa5d5
13.Bd2e3 Rf8e8
14.O-O Be7f6
15.Ra1c1 a5
16.h3 Bg4xf3
17.Be2xf3 Qd5d6
18.d5 Nc6e5
19.Bf3e2 b6
20.f4 Ne5d7
21.Rc1c6 Qd6e7
22.Rf1f3 Bf6xb2
23.Rc6xc7 Qe7d6
24.Rc7c6 Qd6xa3
25.Be3xb6 Qa3a1
26.Qd1xa1 Bb2xa1
27.Bb6e3 a4
28.Be2b5 Re8b8
29.Rc6c7 Rb8xb5
30.Rc7xd7 a3
31.Rf3f1 Ba1b2
32.d6 a2
33.Rd7c7 Rb5b8
34.d7 a1Q
35.Rf1xa1 Bb2xa1
36.Be3b6 Ba1f6
37.g4 Bf6d8
{ resign }
0-1

[Event "Tourn. n9883"]
[Site "www.echecsemail.com"]
[Date "2018.08.12"]
[Round "1"]
[White "Obisporey"]
[Black "Cathar"]
[WhiteElo "2590"]
[BlackElo "2400"]
[Result "1-0"]
[Round "1"]
1.e4 e6
2.d4 d5
3.Nb1c3 Bf8b4
4.e5 c5
5.a3 Bb4xc3
6.bxc3 Ng8e7
7.Qd1g4 Qd8c7
8.Qg4xg7 Rh8g8
9.Qg7xh7 cxd4
10.Ng1e2 dxc3
11.f4 Nb8c6
12.h4 d4
13.h5 Bc8d7
14.Qh7d3 O-O-O
15.h6 Kb8
16.h7 Rg8h8
17.Ra1b1 Bd7c8
18.g4 b6
19.Rh1h5 Bc8b7
20.Kf2 Qc7c8
21.Ne2g3 Bb7a6
22.Qd3xa6 { resign }
1-0